000 00523nam a22001577a 4500
003 OSt
005 20170518101318.0
008 161010b xxu||||| |||| 00| 0 eng d
040 _aMMU
_beng
_cMMU
_dMMU
050 _aSB172 .T39 1992
245 _aNGO,s and tree growing programs:
_bWorking between farmers and Governments,
_cedited by David A. Taylor
260 _aBangkok :
_bWinrock International Istitute for agricultural development,
_c1992
300 _a142 p.:
_bill.;
650 _aTree growing
942 _2lcc
_cSHORTLOAN
999 _c19494
_d19494